[Event "Baltic Sea Cup"]
[Site "Ronne"]
[Date "2007.08.02"]
[Round "5.39"]
[White "Simonsen, Per Barndorff"]
[Black "Hirneise, Jens"]
[Result "0-1"]
[WhiteElo "2023"]
[BlackElo "2090"]
[PlyCount "57"]
[EventDate "2007.??.??"]
[EventType "swiss"]
[EventRounds "9"]
[EventCountry "DEN"]
[SourceDate "2005.12.01"]
[WhiteTeam "Denmark"]
[BlackTeam "Denmark"]
[WhiteTeamCountry "DEN"]
[BlackTeamCountry "DEN"]

1. d4 Nf6 2. c4 g6 3. Nc3 Bg7 4. e4 d6 5. f4 O-O 6. Nf3 c5 7. d5 b5 8. cxb5 a6
9. a4 axb5 10. Bxb5 Ba6 11. Qc2 Nxd5 12. exd5 Bxc3+ 13. Qxc3 Bxb5 14. axb5 Rxa1
15. O-O Qb6 16. b3 Rxc1 17. Rxc1 Qxb5 18. Ng5 h6 19. Nf3 Qd7 20. Re1 Na6 21.
Qd2 Nb4 22. h3 Qf5 23. Rxe7 Nxd5 24. g4 Qb1+ 25. Re1 Qxb3 26. Kf2 Ra8 27. Kg3
Ra2 28. Qc1 Rc2 29. Qd1 0-1

[Event "Baltic Sea Cup"]
[Site "Ronne"]
[Date "2007.08.02"]
[Round "5.40"]
[White "Borup, Mads"]
[Black "Grand, Hans Henrik"]
[Result "1/2-1/2"]
[WhiteElo "1996"]
[BlackElo "2076"]
[PlyCount "70"]
[EventDate "2007.??.??"]
[EventType "swiss"]
[EventRounds "9"]
[EventCountry "DEN"]
[SourceDate "2005.12.01"]
[WhiteTeam "Denmark"]
[BlackTeam "Denmark"]
[WhiteTeamCountry "DEN"]
[BlackTeamCountry "DEN"]

1. d4 d5 2. Nf3 c6 3. Bf4 e6 4. c3 f5 5. e3 Nf6 6. Nbd2 Be7 7. Be2 O-O 8. h3
Ne4 9. Ne5 Nd7 10. Ndf3 g5 11. Nxd7 Bxd7 12. Be5 Be8 13. Nd2 Bd6 14. Bxd6 Qxd6
15. Nxe4 fxe4 16. Bh5 Qe7 17. Rf1 Rf6 18. h4 Qg7 19. hxg5 Qxg5 20. Qg4 Rf5 21.
Qxg5+ Rxg5 22. Bxe8 Rxe8 23. Rg1 Rf8 24. Ke2 Kh8 25. Raf1 Rfg8 26. g3 Rh5 27.
Rh1 Rxh1 28. Rxh1 Rg6 29. b3 Kg7 30. c4 Rh6 31. Rc1 Rf6 32. b4 dxc4 33. Rxc4
Rf5 34. a3 Kf6 35. Kf1 Kg5 1/2-1/2

[Event "Baltic Sea Cup"]
[Site "Ronne"]
[Date "2007.08.02"]
[Round "5.41"]
[White "Hansen, Lars Henrik Bech"]
[Black "Nilsen, Joachim Birger"]
[Result "1/2-1/2"]
[WhiteElo "2070"]
[BlackElo "1958"]
[PlyCount "48"]
[EventDate "2007.??.??"]
[EventType "swiss"]
[EventRounds "9"]
[EventCountry "DEN"]
[SourceDate "2005.12.01"]
[WhiteTeam "Denmark"]
[BlackTeam "Denmark"]
[WhiteTeamCountry "DEN"]
[BlackTeamCountry "DEN"]

1. e4 c5 2. Nf3 g6 3. d4 cxd4 4. Nxd4 Bg7 5. c4 Nc6 6. Be3 Nf6 7. Nc3 d6 8. Be2
O-O 9. O-O Bd7 10. f3 Nxd4 11. Bxd4 a5 12. Nd5 Nxd5 13. cxd5 Rc8 14. Bxg7 Kxg7
15. Qd4+ Kg8 16. Rac1 Rc7 17. Qe3 b6 18. Rxc7 Qxc7 19. Rc1 Qb7 20. Kf2 b5 21.
h4 e6 22. dxe6 Bxe6 23. a3 Qe7 24. g3 Rb8 1/2-1/2

[Event "Baltic Sea Cup"]
[Site "Ronne"]
[Date "2007.08.02"]
[Round "5.42"]
[White "Kristiansen, Orla"]
[Black "Ertbjerg, Andreas Lund"]
[Result "0-1"]
[WhiteElo "1842"]
[BlackElo "2069"]
[PlyCount "48"]
[EventDate "2007.??.??"]
[EventType "swiss"]
[EventRounds "9"]
[EventCountry "DEN"]
[SourceDate "2005.12.01"]
[WhiteTeam "Denmark"]
[BlackTeam "Denmark"]
[WhiteTeamCountry "DEN"]
[BlackTeamCountry "DEN"]

1. c4 Nf6 2. Nc3 e5 3. Nf3 Nc6 4. g3 d5 5. cxd5 Nxd5 6. Bg2 Be6 7. O-O f6 8. a3
Qd7 9. d3 O-O-O 10. Qa4 Nb6 11. Qd1 Bh3 12. Be3 h5 13. Bxb6 axb6 14. Qa4 Bxg2
15. Kxg2 g5 16. Nb5 Kb8 17. h4 Qd5 18. Nc3 Qf7 19. Rac1 gxh4 20. Nxh4 Rd4 21.
Qd1 Rxh4 22. gxh4 Qg6+ 23. Kf3 Qg4+ 24. Ke3 Qf4# 0-1

[Event "Baltic Sea Cup"]
[Site "Ronne"]
[Date "2007.08.02"]
[Round "5.43"]
[White "Hindenes, Andreas Kvinge"]
[Black "Jensen, Jan Kargaard"]
[Result "1/2-1/2"]
[WhiteElo "1664"]
[BlackElo "1894"]
[PlyCount "57"]
[EventDate "2007.??.??"]
[EventType "swiss"]
[EventRounds "9"]
[EventCountry "DEN"]
[SourceDate "2005.12.01"]
[WhiteTeam "Denmark"]
[BlackTeam "Denmark"]
[WhiteTeamCountry "DEN"]
[BlackTeamCountry "DEN"]

1. Nf3 Nf6 2. c4 b6 3. Nc3 Bb7 4. d4 e6 5. Bg5 Bb4 6. e3 c5 7. Bd3 cxd4 8. exd4
Bxc3+ 9. bxc3 O-O 10. Qc2 h6 11. Bh4 d6 12. O-O Nbd7 13. Bg3 Qc7 14. Nd2 Qc6
15. f3 d5 16. cxd5 Nxd5 17. Be4 N7f6 18. Rac1 Rac8 19. c4 Nxe4 20. Qxe4 Nf6 21.
Qxc6 Rxc6 22. Ne4 Nxe4 23. fxe4 Rfc8 24. c5 bxc5 25. d5 exd5 26. exd5 Ra6 27.
d6 Rd8 28. Rfd1 Rd7 29. Rd2 1/2-1/2

[Event "Baltic Sea Cup"]
[Site "Ronne"]
[Date "2007.08.02"]
[Round "5.44"]
[White "Trarup, Jorgen"]
[Black "Johansen, Johnny Holler"]
[Result "0-1"]
[WhiteElo "1863"]
[BlackElo "2058"]
[PlyCount "74"]
[EventDate "2007.??.??"]
[EventType "swiss"]
[EventRounds "9"]
[EventCountry "DEN"]
[SourceDate "2005.12.01"]
[WhiteTeam "Denmark"]
[BlackTeam "Denmark"]
[WhiteTeamCountry "DEN"]
[BlackTeamCountry "DEN"]

1. e4 c5 2. Nf3 Nc6 3. Nc3 g6 4. d4 cxd4 5. Nxd4 Bg7 6. Nxc6 bxc6 7. Bc4 d6 8.
O-O Nf6 9. Re1 O-O 10. Qd3 Ng4 11. Bf4 Bb7 12. h3 Ne5 13. Bxe5 Bxe5 14. Rad1
Qc7 15. a3 Qa5 16. Rb1 Bg7 17. Red1 Rad8 18. Qf3 Bc8 19. Ne2 Be6 20. Bb3 Rb8
21. Rd3 c5 22. c4 f5 23. Qe3 fxe4 24. Rdd1 Bd4 25. Nxd4 cxd4 26. Qxe4 Bf5 27.
c5+ Rxb3 28. Qxe7 Qd8 29. Qxd8 Rxd8 30. Rbc1 dxc5 31. Rxc5 Rxb2 32. Ra5 d3 33.
g4 Be4 34. Re5 Bf3 35. Rde1 d2 36. Re8+ Rxe8 37. Rxe8+ Kf7 0-1

[Event "Baltic Sea Cup"]
[Site "Ronne"]
[Date "2007.08.02"]
[Round "5.45"]
[White "Schiendorfer, Alexander"]
[Black "Lardot, Derik"]
[Result "0-1"]
[WhiteElo "1811"]
[BlackElo "2034"]
[PlyCount "60"]
[EventDate "2007.??.??"]
[EventType "swiss"]
[EventRounds "9"]
[EventCountry "DEN"]
[SourceDate "2005.12.01"]
[WhiteTeam "Denmark"]
[BlackTeam "Denmark"]
[WhiteTeamCountry "DEN"]
[BlackTeamCountry "DEN"]

1. e4 e5 2. Nf3 Nc6 3. Bc4 Bc5 4. d3 Nf6 5. O-O d6 6. h3 Be6 7. Bb3 Qd7 8. Nc3
Nd4 9. Bxe6 Nxe6 10. Ne2 O-O 11. c3 Bb6 12. a4 c6 13. a5 Bc7 14. Qc2 d5 15. Rd1
Rad8 16. b3 dxe4 17. Ne1 exd3 18. Rxd3 Qc8 19. Be3 Rxd3 20. Nxd3 Bb8 21. f3 e4
22. fxe4 Nxe4 23. Ndf4 f5 24. b4 Nxf4 25. Bxf4 Qe6 26. Nd4 Qd5 27. Bxb8 Rxb8
28. Rf1 g5 29. Qd3 Rd8 30. h4 Nxc3 0-1

[Event "Baltic Sea Cup"]
[Site "Ronne"]
[Date "2007.08.02"]
[Round "5.46"]
[White "Schmitz, Manuela"]
[Black "Hansen, Anders"]
[Result "1-0"]
[WhiteElo "2031"]
[BlackElo "1795"]
[PlyCount "65"]
[EventDate "2007.??.??"]
[EventType "swiss"]
[EventRounds "9"]
[EventCountry "DEN"]
[SourceDate "2005.12.01"]
[WhiteTeam "Denmark"]
[BlackTeam "Denmark"]
[WhiteTeamCountry "DEN"]
[BlackTeamCountry "DEN"]

1. d4 e6 2. Nf3 d5 3. c4 Nf6 4. Nc3 Be7 5. Bg5 Nbd7 6. e3 O-O 7. Rc1 a6 8. a4
c5 9. Bd3 cxd4 10. exd4 dxc4 11. Bxc4 Nd5 12. Bxe7 Qxe7 13. O-O N7f6 14. Re1
Qd8 15. Bd3 Rb8 16. Ne5 Nf4 17. Bb1 Bd7 18. Ne4 Nxe4 19. Bxe4 f5 20. Bf3 b5 21.
Qd2 Nd5 22. Nc6 Bxc6 23. Rxc6 Nc7 24. Qf4 Rc8 25. Rec1 g5 26. Qe5 g4 27. Rxc7
Rxc7 28. Rxc7 Rf7 29. Rxf7 Kxf7 30. Bc6 Qg5 31. Qc7+ Kg6 32. Be8+ Kh6 33. g3
1-0

[Event "Baltic Sea Cup"]
[Site "Ronne"]
[Date "2007.08.02"]
[Round "5.47"]
[White "Olsen, Karsten Kierkegaard"]
[Black "Grandadam, Nicolas"]
[Result "0-1"]
[WhiteElo "1598"]
[BlackElo "2022"]
[PlyCount "52"]
[EventDate "2007.??.??"]
[EventType "swiss"]
[EventRounds "9"]
[EventCountry "DEN"]
[SourceDate "2005.12.01"]
[WhiteTeam "Denmark"]
[BlackTeam "Denmark"]
[WhiteTeamCountry "DEN"]
[BlackTeamCountry "DEN"]

1. e4 c5 2. Nf3 d6 3. d4 cxd4 4. Nxd4 Nf6 5. Nc3 a6 6. Be2 e5 7. Nb3 Be7 8. g4
b5 9. g5 Nfd7 10. Nd5 Bb7 11. Rg1 Bxd5 12. exd5 Nb6 13. Bd2 Ra7 14. Ba5 N8d7
15. Qd2 Qa8 16. Bxb6 Nxb6 17. O-O-O Rc7 18. Rg3 O-O 19. Bd3 Qxd5 20. Qe2 Qe6
21. Bxh7+ Kxh7 22. Qh5+ Kg8 23. Rh3 Bxg5+ 24. Kb1 Bh6 25. Rg1 Kh7 26. Rgg3 Nd5
0-1

[Event "Baltic Sea Cup"]
[Site "Ronne"]
[Date "2007.08.02"]
[Round "5.48"]
[White "Berg, Peter"]
[Black "Kraft, Rene"]
[Result "1-0"]
[WhiteElo "1966"]
[BlackElo "1678"]
[PlyCount "55"]
[EventDate "2007.??.??"]
[EventType "swiss"]
[EventRounds "9"]
[EventCountry "DEN"]
[SourceDate "2005.12.01"]
[WhiteTeam "Denmark"]
[BlackTeam "Denmark"]
[WhiteTeamCountry "DEN"]
[BlackTeamCountry "DEN"]

1. d4 b6 2. e4 Bb7 3. Bd3 Nc6 4. c3 e6 5. Nf3 Nf6 6. Qe2 Be7 7. Nbd2 O-O 8. h4
Ne8 9. e5 f5 10. exf6 Nxf6 11. Ne4 Qe8 12. Bd2 Nd8 13. Ng3 Ng4 14. Bxh7+ Kh8
15. Bc2 c5 16. h5 cxd4 17. Bg6 Nf7 18. h6 Bxf3 19. gxf3 Nge5 20. hxg7+ Kxg7 21.
Nh5+ Kg8 22. Bh7+ Kh8 23. Be4 Rg8 24. Nf6+ Kg7 25. Nxe8+ Raxe8 26. Rg1+ Kf8 27.
Rxg8+ Kxg8 28. cxd4 1-0

[Event "Baltic Sea Cup"]
[Site "Ronne"]
[Date "2007.08.02"]
[Round "5.49"]
[White "Olsen, Lars Moller"]
[Black "Kallenbach, Uffe"]
[Result "1-0"]
[WhiteElo "1961"]
[BlackElo "1596"]
[PlyCount "51"]
[EventDate "2007.??.??"]
[EventType "swiss"]
[EventRounds "9"]
[EventCountry "DEN"]
[SourceDate "2005.12.01"]
[WhiteTeam "Denmark"]
[BlackTeam "Denmark"]
[WhiteTeamCountry "DEN"]
[BlackTeamCountry "DEN"]

1. d4 Nf6 2. c4 e6 3. g3 d5 4. Bg2 c6 5. Nf3 Nbd7 6. b3 Bd6 7. O-O O-O 8. Bb2
Re8 9. Nc3 Rb8 10. Re1 b6 11. cxd5 exd5 12. Nd2 Nf8 13. e4 dxe4 14. Ncxe4 Nxe4
15. Nxe4 Bb4 16. Re3 Be6 17. d5 cxd5 18. Qd4 f6 19. Qxb4 dxe4 20. Bxe4 Rc8 21.
Qe1 Bf7 22. Rd1 Qc7 23. Rd2 Ne6 24. Bd5 Ng5 25. Rxe8+ Rxe8 26. Qxe8# 1-0

[Event "Baltic Sea Cup"]
[Site "Ronne"]
[Date "2007.08.02"]
[Round "5.50"]
[White "Valle, Lorenzo"]
[Black "Ascenso, Luis Manuel Pereira"]
[Result "0-1"]
[WhiteElo "1541"]
[BlackElo "1950"]
[PlyCount "82"]
[EventDate "2007.??.??"]
[EventType "swiss"]
[EventRounds "9"]
[EventCountry "DEN"]
[SourceDate "2005.12.01"]
[WhiteTeam "Denmark"]
[BlackTeam "Denmark"]
[WhiteTeamCountry "DEN"]
[BlackTeamCountry "DEN"]

1. e4 e5 2. Nf3 Nc6 3. Bb5 a6 4. Ba4 Be7 5. O-O Nf6 6. d3 b5 7. Bb3 d5 8. Nc3
dxe4 9. dxe4 Bg4 10. Be3 Nd4 11. Bxf7+ Kf8 12. Bd5 Nxd5 13. Nxd5 Nxf3+ 14. gxf3
Bh3 15. Re1 Bd6 16. Kh1 c6 17. Nc3 Qf6 18. Rg1 h6 19. Rg3 Bc8 20. Qd2 g5 21.
Rd1 Be7 22. Bb6 Be6 23. Ne2 Kf7 24. a3 Rab8 25. Bc7 Rb7 26. Qa5 Ra8 27. Nc1 h5
28. Nd3 h4 29. Bxe5 Qh6 30. Rg4 Bxg4 31. fxg4 Qe6 32. h3 Rd7 33. Qc3 c5 34. Re1
b4 35. axb4 cxb4 36. Qd2 Rxd3 37. cxd3 Qxe5 38. d4 Rd8 39. d5 Bd6 40. f3 Qg3
41. Qg2 Qxe1+ 0-1

[Event "Baltic Sea Cup"]
[Site "Ronne"]
[Date "2007.08.02"]
[Round "5.51"]
[White "Zachariassen, John"]
[Black "Dinesen, Erland"]
[Result "1-0"]
[WhiteElo "1939"]
[BlackElo "1586"]
[PlyCount "131"]
[EventDate "2007.??.??"]
[EventType "swiss"]
[EventRounds "9"]
[EventCountry "DEN"]
[SourceDate "2005.12.01"]
[WhiteTeam "Denmark"]
[BlackTeam "Denmark"]
[WhiteTeamCountry "DEN"]
[BlackTeamCountry "DEN"]

1. c4 Nf6 2. g3 g6 3. Bg2 Bg7 4. Nc3 c6 5. Nf3 d6 6. O-O O-O 7. d4 Nbd7 8. e4
Qc7 9. b4 e5 10. dxe5 dxe5 11. Qe2 Re8 12. Bb2 b6 13. a4 Rb8 14. Rac1 Bf8 15.
b5 Bb7 16. Rfd1 Nc5 17. Qc2 Bh6 18. Ra1 a5 19. Ba3 Bf8 20. Ne1 Rbd8 21. Bxc5
Bxc5 22. Nd3 Bd4 23. Rac1 Qc8 24. bxc6 Bxc6 25. Nd5 Bxd5 26. cxd5 Qd7 27. Qc6
Kg7 28. Rc4 Qd6 29. Qxd6 Rxd6 30. Rc7 h5 31. Rdc1 g5 32. R1c2 g4 33. Kf1 Nh7
34. Rb7 Ng5 35. Rcc7 Rf6 36. Ke2 Rd6 37. f3 Rf6 38. f4 exf4 39. Nxf4 Kh6 40.
Kd3 Bc5 41. Rd7 Ba3 42. Rbc7 Bc5 43. Rc6 Rxc6 44. dxc6 Nf3 45. Bxf3 gxf3 46.
Rxf7 f2 47. Nh3 Kg6 48. Rf5 Rc8 49. Nxf2 Rxc6 50. Nh3 Rd6+ 51. Kc3 Bb4+ 52. Kc4
Rd2 53. Nf4+ Kg7 54. Rxh5 Bc5 55. Nd3 Bg1 56. h4 Kg6 57. Rg5+ Kf6 58. e5+ Kf7
59. h5 Be3 60. Rg6 Ra2 61. Kb3 Rh2 62. g4 Rh3 63. Kc4 Bd2 64. Rxb6 Re3 65. g5
Re4+ 66. Kd5 1-0

[Event "Baltic Sea Cup"]
[Site "Ronne"]
[Date "2007.08.02"]
[Round "5.52"]
[White "Holt, Michael"]
[Black "Wilsbeck, Jan Borge"]
[Result "0-1"]
[WhiteElo "1000"]
[BlackElo "1925"]
[PlyCount "44"]
[EventDate "2007.??.??"]
[EventType "swiss"]
[EventRounds "9"]
[EventCountry "DEN"]
[SourceDate "2005.12.01"]
[WhiteTeam "Denmark"]
[BlackTeam "Denmark"]
[WhiteTeamCountry "DEN"]
[BlackTeamCountry "DEN"]

1. b3 e5 2. Bb2 Nc6 3. e3 Nf6 4. Nf3 d6 5. Be2 Be7 6. O-O O-O 7. d4 e4 8. Nfd2
d5 9. c4 Nb4 10. Bc3 c6 11. a3 Na6 12. c5 b6 13. b4 Nc7 14. Nb3 Nfe8 15. a4 f5
16. g3 g5 17. a5 b5 18. h3 f4 19. g4 f3 20. Bxb5 Nxb5 21. a6 h5 22. Na5 Qc7 0-1

[Event "Baltic Sea Cup"]
[Site "Ronne"]
[Date "2007.08.02"]
[Round "5.53"]
[White "Grandadam, Patrick"]
[Black "Jacobsen, Mads Holger"]
[Result "1-0"]
[WhiteElo "1918"]
[BlackElo "1480"]
[PlyCount "83"]
[EventDate "2007.??.??"]
[EventType "swiss"]
[EventRounds "9"]
[EventCountry "DEN"]
[SourceDate "2005.12.01"]
[WhiteTeam "Denmark"]
[BlackTeam "Denmark"]
[WhiteTeamCountry "DEN"]
[BlackTeamCountry "DEN"]

1. d4 Nf6 2. c4 g6 3. Nc3 Bg7 4. e4 d6 5. Nf3 O-O 6. Be2 e5 7. O-O Nc6 8. d5
Ne7 9. Ne1 Nd7 10. f3 f5 11. g4 f4 12. h4 Nf6 13. Nd3 Qd7 14. Rf2 h6 15. Rb1
Nh7 16. Bd2 Rf7 17. b4 Bf6 18. Rh2 Rg7 19. c5 Qd8 20. cxd6 cxd6 21. Nb2 Bd7 22.
Kg2 Nc8 23. Be1 h5 24. g5 Bxg5 25. hxg5 Qxg5+ 26. Kh1 Nf8 27. Bf2 a6 28. Nc4
Rh7 29. Bh4 Qh6 30. Qg1 Bb5 31. Nb6 Bxe2 32. Nxe2 Nxb6 33. Qxb6 g5 34. Bxg5 Qg6
35. Rg1 Rg7 36. Rhg2 Qh7 37. Bf6 Rxg2 38. Rxg2+ Ng6 39. Qxd6 Kf7 40. Qe6+ Kf8
41. Qf5 Kf7 42. Rxg6 1-0

[Event "Baltic Sea Cup"]
[Site "Ronne"]
[Date "2007.08.02"]
[Round "5.54"]
[White "Pieri, Enzo"]
[Black "Ronne Larsen, Dennis"]
[Result "1-0"]
[WhiteElo "1909"]
[BlackElo "1000"]
[PlyCount "59"]
[EventDate "2007.??.??"]
[EventType "swiss"]
[EventRounds "9"]
[EventCountry "DEN"]
[SourceDate "2005.12.01"]
[WhiteTeam "Denmark"]
[BlackTeam "Denmark"]
[WhiteTeamCountry "DEN"]
[BlackTeamCountry "DEN"]

1. e4 d5 2. exd5 Qxd5 3. Nc3 Qe6+ 4. Be2 b6 5. Nf3 Bb7 6. O-O Nf6 7. b3 Nh5 8.
Ng5 Qg6 9. d4 Nc6 10. Bxh5 Qd6 11. Nxf7 Qxd4 12. Qxd4 Nxd4 13. Nxh8+ g6 14.
Nxg6 hxg6 15. Bxg6+ Kd8 16. Rd1 c5 17. Nb5 Rc8 18. Nxd4 cxd4 19. Rxd4+ Kc7 20.
Bf4+ Kc6 21. Be4+ Kc5 22. Bxb7 Kxd4 23. Bxc8 Bg7 24. Rd1+ Ke4 25. Bg3 a5 26.
f3+ Ke3 27. Rd3+ Ke2 28. Ba6 Bh6 29. Bf2 e5 30. Rd5+ 1-0

[Event "Baltic Sea Cup"]
[Site "Ronne"]
[Date "2007.08.02"]
[Round "5.55"]
[White "Holm, Kristian Stuvik"]
[Black "Dinesen, Lasse Juel"]
[Result "0-1"]
[WhiteElo "1000"]
[BlackElo "1522"]
[PlyCount "76"]
[EventDate "2007.??.??"]
[EventType "swiss"]
[EventRounds "9"]
[EventCountry "DEN"]
[SourceDate "2005.12.01"]
[WhiteTeam "Denmark"]
[BlackTeam "Denmark"]
[WhiteTeamCountry "DEN"]
[BlackTeamCountry "DEN"]

1. d4 Nf6 2. c4 g6 3. Nc3 Bg7 4. e4 d6 5. Be3 Nbd7 6. Nf3 Ng4 7. Bd2 c5 8. d5
Nge5 9. Nxe5 Nxe5 10. h3 f5 11. f3 Bf6 12. g3 Bd7 13. f4 Nf7 14. Rb1 h5 15. h4
Bd4 16. Ne2 fxe4 17. Bc3 Bxc3+ 18. Nxc3 Bg4 19. Be2 Bf5 20. g4 hxg4 21. Bxg4
Nh6 22. Bh3 Qd7 23. Qc2 Ng4 24. Bxg4 Bxg4 25. Qb3 Bf3 26. Rg1 Rxh4 27. Rxg6
O-O-O 28. Kd2 Rg4 29. Rg1 Rxf4 30. Ke3 Rf6 31. Rxf6 exf6 32. Nxe4 Bxe4 33. Kxe4
Qh7+ 34. Ke3 Re8+ 35. Kf2 Re5 36. Rg3 Qh2+ 37. Kf3 Qe2+ 38. Kf4 Qe4# 0-1

[Event "Baltic Sea Cup"]
[Site "Ronne"]
[Date "2007.08.02"]
[Round "5.56"]
[White "Pedersen, Lasse"]
[Black "Hansen, Ib Lynaes"]
[Result "0-1"]
[WhiteElo "1062"]
[BlackElo "1926"]
[PlyCount "58"]
[EventDate "2007.??.??"]
[EventType "swiss"]
[EventRounds "9"]
[EventCountry "DEN"]
[SourceDate "2005.12.01"]
[WhiteTeam "Denmark"]
[BlackTeam "Denmark"]
[WhiteTeamCountry "DEN"]
[BlackTeamCountry "DEN"]

1. Nf3 g6 2. g3 Bg7 3. Bg2 e5 4. Nc3 d5 5. d3 Ne7 6. O-O Nbc6 7. Re1 Bg4 8. Ng5
h6 9. Nf3 Qd7 10. Qd2 O-O-O 11. e3 f6 12. Rd1 g5 13. Ne2 h5 14. b3 Qf5 15. Ne1
e4 16. Bb2 h4 17. Rdc1 hxg3 18. fxg3 Qh7 19. Nd4 Qxh2+ 20. Kf2 Nxd4 21. Bxd4
Nf5 22. Bxa7 Qxg3+ 23. Kg1 d4 24. Qf2 Qh2+ 25. Kf1 Ng3+ 26. Qxg3 Qxg3 27. Bxe4
dxe3 28. Bxe3 Qxe3 29. Bg2 Be2# 0-1

[Event "Baltic Sea Cup"]
[Site "Ronne"]
[Date "2007.08.03"]
[Round "6.1"]
[White "Savchenko, Boris"]
[Black "Malakhatko, Vadim"]
[Result "1/2-1/2"]
[WhiteElo "2577"]
[BlackElo "2596"]
[PlyCount "78"]
[EventDate "2007.??.??"]
[EventType "swiss"]
[EventRounds "9"]
[EventCountry "DEN"]
[SourceDate "2005.12.01"]
[WhiteTeam "Denmark"]
[BlackTeam "Denmark"]
[WhiteTeamCountry "DEN"]
[BlackTeamCountry "DEN"]

1. d4 d5 2. c4 c6 3. Nc3 Nf6 4. e3 a6 5. Qc2 e6 6. c5 Nbd7 7. Na4 e5 8. Nf3 Qe7
9. b4 exd4 10. Nxd4 g6 11. Bb2 Bg7 12. Be2 O-O 13. O-O Re8 14. a3 Qd8 15. Rfe1
Qc7 16. Bf1 Ng4 17. g3 Ngf6 18. Bg2 Rb8 19. Nc3 Nf8 20. e4 dxe4 21. Nxe4 Nxe4
22. Bxe4 Bh3 23. Bg2 Bxg2 24. Kxg2 Qd7 25. Nf3 Rxe1 26. Rxe1 Bxb2 27. Qxb2 Re8
28. Ne5 Qd5+ 29. f3 Rd8 30. Kf2 h5 31. Qe2 Re8 32. Qe4 Qa2+ 33. Re2 Qa1 34. Qf4
Re7 35. Qf6 Qd4+ 36. Ke1 Qa1+ 37. Kf2 Qd4+ 38. Kg2 Qd8 39. f4 Qe8 1/2-1/2

[Event "Baltic Sea Cup"]
[Site "Ronne"]
[Date "2007.08.03"]
[Round "6.2"]
[White "Stripunsky, Alexander"]
[Black "Vera Gonzalez, Reynaldo"]
[Result "1-0"]
[WhiteElo "2589"]
[BlackElo "2479"]
[PlyCount "73"]
[EventDate "2007.??.??"]
[EventType "swiss"]
[EventRounds "9"]
[EventCountry "DEN"]
[SourceDate "2005.12.01"]
[WhiteTeam "Denmark"]
[BlackTeam "Denmark"]
[WhiteTeamCountry "DEN"]
[BlackTeamCountry "DEN"]

1. e4 c5 2. Ne2 d6 3. g3 Nc6 4. Bg2 g6 5. c3 h5 6. h3 Bh6 7. Na3 h4 8. g4 f5 9.
exf5 gxf5 10. Bxc6+ bxc6 11. f3 Nf6 12. d3 Bxc1 13. Qxc1 Rb8 14. Qd2 Be6 15.
Nc4 Bd5 16. Rf1 fxg4 17. fxg4 Kd7 18. Ne3 Qb6 19. b3 a5 20. c4 Bg8 21. Nc3 Bh7
22. Nc2 Rbf8 23. O-O-O Qd8 24. d4 Bxc2 25. Kxc2 cxd4 26. Qxd4 Nh7 27. Na4 Ng5
28. Qa7+ Ke8 29. Qb7 Rf7 30. Qxc6+ Kf8 31. Nc5 Rh6 32. Ne4 Nxh3 33. Rxf7+ Kxf7
34. g5 Rg6 35. Qd5+ e6 36. Qb7+ Kg8 37. Rxd6 1-0

[Event "Baltic Sea Cup"]
[Site "Ronne"]
[Date "2007.08.03"]
[Round "6.3"]
[White "Rasmussen, Allan Stig"]
[Black "Rozentalis, Eduardas"]
[Result "1/2-1/2"]
[WhiteElo "2450"]
[BlackElo "2551"]
[PlyCount "54"]
[EventDate "2007.??.??"]
[EventType "swiss"]
[EventRounds "9"]
[EventCountry "DEN"]
[SourceDate "2005.12.01"]
[WhiteTeam "Denmark"]
[BlackTeam "Denmark"]
[WhiteTeamCountry "DEN"]
[BlackTeamCountry "DEN"]

1. e4 e6 2. d4 d5 3. Nc3 dxe4 4. Nxe4 Bd7 5. Nf3 Bc6 6. Bd3 Nd7 7. O-O Bxe4 8.
Bxe4 c6 9. c4 Ngf6 10. Bc2 Bd6 11. b3 O-O 12. Bb2 Qc7 13. Re1 Rad8 14. Qe2 c5
15. dxc5 Qxc5 16. Rad1 Rfe8 17. h3 Nf8 18. Ne5 Ng6 19. Nxg6 hxg6 20. Qe3 Qc7
21. Qf3 e5 22. Be4 Bb4 23. Rf1 Bd2 24. Qe2 Nxe4 25. Qxe4 Rd7 26. Qe2 Qd8 27.
Bc1 Bxc1 1/2-1/2

[Event "Baltic Sea Cup"]
[Site "Ronne"]
[Date "2007.08.03"]
[Round "6.4"]
[White "Khenkin, Igor"]
[Black "Matthiesen, Martin"]
[Result "1-0"]
[WhiteElo "2602"]
[BlackElo "2363"]
[PlyCount "125"]
[EventDate "2007.??.??"]
[EventType "swiss"]
[EventRounds "9"]
[EventCountry "DEN"]
[SourceDate "2005.12.01"]
[WhiteTeam "Denmark"]
[BlackTeam "Denmark"]
[WhiteTeamCountry "DEN"]
[BlackTeamCountry "DEN"]

1. d4 Nf6 2. c4 g6 3. Nc3 Bg7 4. e4 d6 5. h3 O-O 6. Be3 e5 7. d5 Na6 8. Bd3 Nh5
9. g3 Qe8 10. Be2 Nf6 11. Nf3 Nc5 12. Nd2 a5 13. g4 Qe7 14. Rg1 Bd7 15. h4 Ne8
16. h5 c6 17. Nf1 a4 18. Ng3 Qd8 19. Qd2 Rb8 20. Rh1 cxd5 21. Nxd5 Nc7 22. hxg6
hxg6 23. Nxc7 Qxc7 24. Bh6 Ne6 25. Bxg7 Kxg7 26. Nf5+ Kf6 27. Qh6 Qa5+ 28. Kf1
Ng5 29. Qg7+ Ke6 30. Rh6 Qd8 31. Rd1 Nxe4 32. Bf3 Bc6 33. Bxe4 Bxe4 34. Rxd6+
Qxd6 35. Nxd6 Kxd6 36. Qf6+ Kd7 37. Qxe5 Rbe8 38. Qc3 Re7 39. Qd4+ Kc7 40. Qc5+
Kd7 41. Qd4+ Kc7 42. c5 Rfe8 43. Rh3 Bc6 44. Re3 Rxe3 45. fxe3 Re4 46. Qd6+ Kc8
47. Qf8+ Be8 48. Ke2 Kc7 49. b4 axb3 50. axb3 Re6 51. b4 Kc6 52. Kd3 Kb5 53. g5
Ka4 54. Kd4 Kb5 55. e4 Ka4 56. e5 Kb5 57. Qh8 Bc6 58. Qd8 Kxb4 59. Qb6+ Ka4 60.
Kc4 Bd5+ 61. Kxd5 Rxb6 62. cxb6 Ka5 63. Ke4 1-0

[Event "Baltic Sea Cup"]
[Site "Ronne"]
[Date "2007.08.03"]
[Round "6.5"]
[White "Zozulia, Anna"]
[Black "Bromann, Thorbjorn"]
[Result "1/2-1/2"]
[WhiteElo "2332"]
[BlackElo "2413"]
[PlyCount "22"]
[EventDate "2007.??.??"]
[EventType "swiss"]
[EventRounds "9"]
[EventCountry "DEN"]
[SourceDate "2005.12.01"]
[WhiteTeam "Denmark"]
[BlackTeam "Denmark"]
[WhiteTeamCountry "DEN"]
[BlackTeamCountry "DEN"]

1. e4 e6 2. d4 d5 3. Nd2 c5 4. exd5 Qxd5 5. Ngf3 cxd4 6. Bc4 Qd6 7. O-O Nf6 8.
Nb3 Nc6 9. Nbxd4 Nxd4 10. Qxd4 Bd7 11. Qh4 Qc7 1/2-1/2

[Event "Baltic Sea Cup"]
[Site "Ronne"]
[Date "2007.08.03"]
[Round "6.6"]
[White "Jorgensen, Jorgen"]
[Black "Jayaram, Ashwin"]
[Result "1/2-1/2"]
[WhiteElo "2250"]
[BlackElo "2399"]
[PlyCount "115"]
[EventDate "2007.??.??"]
[EventType "swiss"]
[EventRounds "9"]
[EventCountry "DEN"]
[SourceDate "2005.12.01"]
[WhiteTeam "Denmark"]
[BlackTeam "Denmark"]
[WhiteTeamCountry "DEN"]
[BlackTeamCountry "DEN"]

1. Nf3 Nf6 2. d4 g6 3. c4 Bg7 4. Nc3 d5 5. g3 dxc4 6. Bg2 Nfd7 7. O-O O-O 8. e4
Nb6 9. h3 Nc6 10. Be3 f5 11. Qd2 e5 12. Rad1 fxe4 13. Nxe5 Nxe5 14. dxe5 Qxd2
15. Rxd2 Bxe5 16. Nxe4 Rb8 17. Bc5 Re8 18. Re1 Bf5 19. g4 Bxe4 20. Rxe4 c3 21.
bxc3 Bxc3 22. Rde2 Rxe4 23. Rxe4 Bf6 24. f4 Rd8 25. g5 Bg7 26. Bf1 Bf8 27. Bf2
Bd6 28. a4 Kf8 29. f5 gxf5 30. Rh4 Rd7 31. Rh6 Rg7 32. h4 Nxa4 33. Bb5 Nc3 34.
Bc4 Ne4 35. Bd4 Bc5 36. Bxc5+ Nxc5 37. Rf6+ Ke8 38. Rxf5 Ne4 39. Bd3 Nd6 40.
Re5+ Kf8 41. Kf2 Nf7 42. Rc5 c6 43. Ke3 Nd8 44. Re5 h6 45. gxh6 Re7 46. Kf4
Rxe5 47. Kxe5 Nf7+ 48. Ke6 Nxh6 49. Kd7 Nf7 50. Kc7 Ne5 51. Bc2 b5 52. Kd6 Nc4+
53. Kxc6 b4 54. Kc5 Na3 55. Bb3 a5 56. Kb6 Nb1 57. Kxa5 Nd2 58. Kxb4 1/2-1/2